| 000 | 00829nam a2200265 a 4500 | ||
|---|---|---|---|
| 001 | BRCA_5306 | ||
| 005 | 20190320205026.0 | ||
| 008 | 021210s1927----gw-a######---#000-0#ger-# | ||
| 041 | _ager | ||
| 044 | _agw | ||
| 050 | 4 |
_aNC251 _b.Z45 1927 |
|
| 245 | 1 | 0 |
_aDie Zeichnungen von Matthias Grünewald _cherausgegeben von Max I. Friedländer. |
| 260 |
_aBerlín _bG. Grotesche _c1927 |
||
| 300 |
_a11 p. _bil., 33 láminas _c32 cm. |
||
| 440 | 0 |
_aJahresgabe des Deutschen vereins für Kunstwissenschaft _913608 |
|
| 500 | _aIncluye índice de ilustraciones | ||
| 500 | _aE83 | ||
| 600 | 1 | 4 |
_aGrünewald, Matthias _d1470-1528 _913609 |
| 650 | 1 | 4 |
_aDibujos alemanes _913610 |
| 650 | 1 | 4 |
_aDibujantes alemanes _910287 |
| 650 | 1 | 4 |
_aPintores alemanes _9797 |
| 700 | 1 |
_aFriedländer, Max I. _913611 |
|
| 902 | _aGFM | ||
| 942 |
_2lcc _cB |
||
| 999 |
_c5000 _d5000 |
||